[Event "Top 12 FRA-chT 2017"]
[Site "Chartres"]
[Date "2017.05.21"]
[Round "4"]
[White "Abergel, Thal"]
[Black "Ider, Borya"]
[Result "1/2-1/2"]
[WhiteElo "2457"]
[BlackElo "2456"]
[Annotator "TA"]
[PlyCount "30"]
[EventDate "2017.??.??"]
[EventType "team-tourn"]
[EventCountry "FRA"]
[SourceTitle "playchess.com"]
[Source "ChessBase"]
[SourceQuality "1"]
[WhiteTeam "Tremblay-En-France"]
[BlackTeam "Mulhouse Philidor"]

{[%evp 15,30,0,0,0,0,0,0,4,8,10,16,17,18,21,20,21,34]} 1. Nf3 d5 2. g3 Nf6 3. Bg2 e6 4. O-O b5 5. d4 Bb7 6. c3 c5 7. a4 {A46: 1 d4 Nf6 2 Nf3 e6: Torre, London and Colle Systems} (7. dxc5 Bxc5 8. b4 Bb6 9. a4 bxa4 10. Qxa4+ Nbd7 11. Ne5 O-O 12. Nc6 Bxc6 13. Qxc6 Ne5 14. Qb5 Rb8 {0-1 (37) Laznicka,V (2676)-Khismatullin,D (2651) Poikovsky 2015}) 7... b4 8. cxb4 cxb4 {LiveBook: 8 Games. The position is equal.} 9. a5 Be7 10. Bg5 O-O $146 ({Predecessor:} 10... Nbd7 11. Qd3 a6 12. Rc1 {½-½ (38) Pohl Kuemmel,J (2239)-Majer,D (2305) Germany 2008}) 11. Bxf6 gxf6 12. Nbd2 Nd7 13. Re1 Rc8 14. e3 Rc7 15. Bf1 f5 1/2-1/2

[Event "Top 12 FRA-chT 2017"]
[Site "Chartres"]
[Date "2017.05.21"]
[Round "4"]
[White "Bellahcene, Bilel"]
[Black "Istratescu, Andrei"]
[Result "0-1"]
[WhiteElo "2452"]
[BlackElo "2596"]
[Annotator "TA"]
[PlyCount "72"]
[EventDate "2017.??.??"]
[EventType "team-tourn"]
[EventCountry "FRA"]
[SourceTitle "playchess.com"]
[Source "ChessBase"]
[SourceQuality "1"]
[WhiteTeam "Tremblay-En-France"]
[BlackTeam "Mulhouse Philidor"]

{[%evp 23,72,-95,-93,-93,-95,-81,-79,-84,-79,-87,-77,-80,-81,-104,-137,-108,-116,-132,-99,-114,-117,-105,-107,-106,-109,-102,-87,-104,-106,-139,-137,-293,-293,-293,-293,-293,-293,-512,-371,-705,-412,-398,-395,-397,-343,-461,-434,-486,-494,-648,-720]} 1. e4 e5 2. Nf3 Nc6 3. Bc4 Bc5 4. b4 Bxb4 5. c3 Ba5 6. d4 d6 7. Qb3 Qd7 8. Nbd2 {C52: Evans Gambit Accepted: 5 c3 Ba5} (8. O-O Bb6 9. Bb5 a6 10. Ba4 Ba7 11. Na3 Nge7 12. d5 b5 13. Nxb5 axb5 14. Bxb5 O-O 15. dxc6 Qg4 16. Qc2 {0-1 (48) Li,C (2751)-Ding,L (2766) Huaian 2016}) 8... Bb6 9. a4 Nf6 10. a5 Nxa5 11. Rxa5 Bxa5 12. dxe5 Ng4 {LiveBook: 3 Games} 13. exd6 {[#] Hoping for h3.} O-O $1 14. h3 {[#]} Nh6 $1 {[#]} 15. dxc7 $146 ({Predecessor:} 15. Ba3 cxd6 {½-½ (84) Kulaots,K (2592)-Gonda,L (2520) Rome 2011}) 15... Qxc7 16. Nd4 Bd7 17. O-O Kh8 18. N2f3 Rac8 19. Bd5 Bxc3 20. Be3 Bxd4 21. Nxd4 Ng8 22. Bxf7 Nf6 23. Ne6 Bxe6 $1 24. Bxe6 Rce8 25. f3 b6 26. Rc1 Qe5 27. Bf5 $2 (27. Bc4 $17) 27... g6 $19 28. f4 Qe7 29. Bg4 Qxe4 30. Bf2 $2 (30. Re1 {was called for.}) 30... Qxf4 31. Rc4 $2 (31. Qc3) 31... Re4 32. Rxe4 Qxe4 ({Much less strong is} 32... Nxe4 33. Bd4+ Nf6 34. Qc3 $19) 33. Bf3 Qe5 34. Qa3 Rf7 {Black is clearly winning.} 35. Qa4 Rd7 36. Qc6 Rc7 {Precision: White = 38%, Black = 85%.} 0-1

[Event "Top 12 FRA-chT 2017"]
[Site "Chartres"]
[Date "2017.05.21"]
[Round "4"]
[White "Brochet, Philippe"]
[Black "Areshchenko, Alexander"]
[Result "1/2-1/2"]
[WhiteElo "2409"]
[BlackElo "2677"]
[Annotator "TA"]
[PlyCount "31"]
[EventDate "2017.??.??"]
[EventType "team-tourn"]
[EventCountry "FRA"]
[SourceTitle "playchess.com"]
[Source "ChessBase"]
[SourceQuality "1"]
[WhiteTeam "Montpellier"]
[BlackTeam "Grasse Echecs"]

{[%evp 9,31,0,13,0,0,-23,-33,-35,0,4,14,0,-12,-40,0,-18,0,0,0,0,0,0,0,0]} 1. e4 c5 2. Nc3 d6 3. d4 cxd4 4. Qxd4 Nc6 5. Bb5 Bd7 (5... a6 $5 {[%cal Ra6b5]} 6. Bxc6+ bxc6 $11) 6. Bxc6 {B23: Closed Sicilian: Lines without g3} bxc6 (6... Bxc6 7. Nge2 h6 8. O-O Nf6 9. Qd3 e6 10. Nd4 Qd7 11. Bf4 {½-½ (60) Zvjaginsev,V (2662)-Nepomniachtchi,I (2704) Moscow 2016}) 7. e5 Qb6 $146 ({Predecessor:} 7... d5 8. Nf3 e6 9. O-O Ne7 10. b3 Nf5 11. Qd3 {0-1 (98) Durarbayli,V (2439)-Rasulov,V (2391) Baku 2009}) 8. Qf4 {Black is slightly better.} dxe5 9. Qxe5 f6 10. Qe4 e5 11. Nf3 Qb4 12. Qe2 {The position is equal.} Be6 13. O-O Bc4 14. Qe4 Bd5 15. Qe2 Bc4 16. Qe4 1/2-1/2

[Event "Top 12 FRA-chT 2017"]
[Site "Chartres"]
[Date "2017.05.21"]
[Round "4"]
[White "Colin, Vincent"]
[Black "Solodovnichenko, Yuri"]
[Result "0-1"]
[WhiteElo "2381"]
[BlackElo "2576"]
[Annotator "TA"]
[PlyCount "50"]
[EventDate "2017.??.??"]
[EventType "team-tourn"]
[EventCountry "FRA"]
[SourceTitle "playchess.com"]
[Source "ChessBase"]
[SourceQuality "1"]
[WhiteTeam "Lisieux"]
[BlackTeam "Vandoeuvre"]

{[%evp 13,50,-22,-22,-29,-44,-24,0,0,0,-27,-29,-88,-88,-267,-259,-247,-162,-149,-151,-315,-327,-322,-313,-315,-313,-556,-229,-552,-551,-681,-814,-677,-673,-730,-716,-716,-710,-705,-695]} 1. d4 d5 2. Bf4 c5 3. e4 (3. e3 Nc6 4. c3 Nf6 5. Nd2 e6 6. Ngf3 Bd6 7. Bg3 O-O 8. Bb5 Ne7 9. Bd3 b6 10. e4 Bxg3 11. hxg3 dxe4 12. Nxe4 Ng6 13. dxc5 Bb7 14. Nxf6+ Qxf6 15. cxb6 e5 16. Bxg6 hxg6 {0-1 (23) Carlsen,M (2840)-Korobov,A (2692) Doha 2016}) 3... dxe4 4. d5 Nf6 5. Nc3 a6 6. Qe2 {D00: 1 d4 d5: Unusual lines} g6 7. O-O-O Bg7 {LiveBook: 3 Games} 8. d6 {The position is equal.} Nc6 $146 ({Predecessor:} 8... e6 9. Nxe4 Nxe4 10. Qxe4 Nd7 {0-1 (43) Goossens,E (2219)-Sielecki,C (2391) Netherlands 2011}) 9. dxe7 Qxe7 {[#] Hoping for ...Nd4.} 10. Bd6 $1 {[%cal Rd6e7]} Qe6 11. Bxc5 Qf5 12. Bd6 (12. Ba3 $11) 12... Be6 $17 13. f3 $2 {[#]} (13. a3 $17 {was necessary.}) 13... O-O-O 14. fxe4 Qg5+ 15. Kb1 Ne8 16. Bg3 $2 (16. Ba3 $17) 16... Bxc3 $19 17. Rxd8+ Qxd8 18. bxc3 Qa5 19. Nf3 $2 (19. c4 {was called for.} Nf6 20. Bh4 Qb4+ 21. Ka1) 19... Qxa2+ $40 {[%mdl 128] Black attacks with force.} 20. Kc1 Nf6 {Black is clearly winning.} 21. Qe3 Qa1+ 22. Kd2 Rd8+ 23. Nd4 Nxd4 24. cxd4 Rxd4+ 25. Bd3 Nxe4+ {Precision: White = 37%, Black = 89%.} ({Stronger than} 25... Qxh1 26. Qxd4 Qxg2+ 27. Kc3 $14) 0-1

[Event "Top 12 FRA-chT 2017"]
[Site "Chartres"]
[Date "2017.05.21"]
[Round "4"]
[White "Nezar, Mustapha"]
[Black "Marchadour, Emilie"]
[Result "1-0"]
[WhiteElo "2354"]
[BlackElo "2097"]
[Annotator "NA"]
[PlyCount "75"]
[EventDate "2017.??.??"]
[EventType "team-tourn"]
[EventCountry "FRA"]
[SourceTitle "playchess.com"]
[Source "ChessBase"]
[SourceQuality "1"]
[WhiteTeam "Vandoeuvre"]
[BlackTeam "Lisieux"]
[TimeControl "40/5400+30:1800+30"]

1. d4 {[%emt 0:00:14]} Nf6 {[%emt 0:00:08]} 2. c4 {[%emt 0:00:13]} c5 {[%emt 0:00:06]} 3. Nf3 {[%emt 0:00:34]} cxd4 {[%emt 0:02:31]} 4. Nxd4 {[%emt 0:00:07]} Nc6 {[%emt 0:00:09]} 5. Nc3 {[%emt 0:01:00]} g6 {[%emt 0:01:43]} 6. g3 {[%emt 0:02:20]} Bg7 {[%emt 0:00:15]} 7. Bg2 {[%emt 0:02:15]} O-O {[%emt 0:02:28]} 8. O-O {[%emt 0:02:12]} Nxd4 {[%emt 0:07:26]} 9. Qxd4 {[%emt 0:01:24]} d6 {[%emt 0:00:14]} 10. Bg5 {[%emt 0:09:15]} Be6 {[%emt 0:06:54]} 11. Qh4 {[%emt 0:04:53]} Rb8 {[%emt 0:28:12]} 12. Rac1 {[%emt 0:17:55]} Qa5 {[%emt 0:02:40]} 13. Bd2 {[%emt 0:18:22]} Rfc8 {[%emt 0:07:52]} 14. b3 {[%emt 0:04:07]} Qd8 {[%emt 0:20:29]} 15. Rfd1 {[%emt 0:05:40]} Rc5 {[%emt 0:00:51]} 16. Bf3 {[%emt 0:04:01]} Nd7 {[%emt 0:07:09]} 17. Ne4 {[%emt 0:06:53]} Re5 {[%emt 0:07:34]} 18. Bc3 {[%emt 0:04:38]} h6 {[%emt 0:00:22]} 19. Bxe5 {[%emt 0:01:42]} Nxe5 {[%emt 0:00:04]} 20. Qf4 {[%emt 0:00:50]} Nxf3+ {[%emt 0:02:01]} 21. Qxf3 {[%emt 0:00:40]} Qa5 {[%emt 0:00:44]} 22. a4 {[%emt 0:01:49]} Bf5 {[%emt 0:00:30]} 23. Nc3 {[%emt 0:01:07]} Qe5 {[%emt 0:00:35]} 24. e4 {[%emt 0:02:16]} Be6 {[%emt 0:00:32]} 25. Nd5 {[%emt 0:00:55]} Bd7 {[%emt 0:00:24]} 26. Qf4 {[%emt 0:01:06]} Qb2 {[%emt 0:00:40]} 27. Nxe7+ {[%emt 0:00:15]} Kh7 {[%emt 0:00:05]} 28. Rxd6 {[%emt 0:02:06]} Be8 {[%emt 0:00:59]} 29. Rd3 {[%emt 0:00:32]} Bd4 {[%emt 0:00:19]} 30. Qd2 {[%emt 0:01:07]} Bxf2+ {[%emt 0:00:16]} 31. Kxf2 {[%emt 0:00:20]} Qf6+ {[%emt 0:00:03]} 32. Qf4 {[%emt 0:00:30]} Qxe7 {[%emt 0:00:23]} 33. Qxb8 {[%emt 0:00:56]} Qxe4 {[%emt 0:00:07]} 34. Rd8 {[%emt 0:01:13]} Qf5+ {[%emt 0:00:26]} 35. Qf4 {[%emt 0:00:47]} Qc5+ {[%emt 0:00:03]} 36. Qd4 {[%emt 0:00:38]} Qf5+ {[%emt 0:00:13]} 37. Kg1 {[%emt 0:00:32]} Bc6 {[%emt 0:00:46]} 38. Qh8# {[%emt 0:00:10]} 1-0

[Event "Top 12 FRA-chT 2017"]
[Site "Chartres"]
[Date "2017.05.21"]
[Round "4"]
[White "Roos, Louis"]
[Black "Dionisi, Thomas"]
[Result "1/2-1/2"]
[WhiteElo "2346"]
[BlackElo "2392"]
[Annotator "NA"]
[PlyCount "90"]
[EventDate "2017.??.??"]
[EventType "team-tourn"]
[EventCountry "FRA"]
[SourceTitle "playchess.com"]
[Source "ChessBase"]
[SourceQuality "1"]
[WhiteTeam "Strasbourg"]
[BlackTeam "Bois-Colombes"]
[TimeControl "40/5400+30:1800+30"]

1. Nf3 {[%emt 0:00:00]} f5 {[%emt 0:00:12]} 2. g3 {[%emt 0:00:51]} g6 {[%emt 0:00:13]} 3. Bg2 {[%emt 0:04:18]} Bg7 {[%emt 0:00:18]} 4. d3 {[%emt 0:04:10]} Nf6 {[%emt 0:02:05]} 5. O-O {[%emt 0:00:23]} O-O {[%emt 0:00:10]} 6. c4 {[%emt 0:11:56]} d6 {[%emt 0:01:00]} 7. Nc3 {[%emt 0:00:31]} Nc6 {[%emt 0:02:03]} 8. Rb1 {[%emt 0:00:49]} a5 {[%emt 0:03:23]} 9. a3 {[%emt 0:02:24]} e5 {[%emt 0:00:16]} 10. b4 {[%emt 0:04:17]} axb4 {[%emt 0:00:25]} 11. axb4 {[%emt 0:00:11]} h6 {[%emt 0:00:16]} 12. Ne1 {[%emt 0:09:03]} g5 {[%emt 0:22:24]} 13. Nc2 {[%emt 0:07:07]} f4 {[%emt 0:01:46]} 14. b5 {[%emt 0:03:08]} Nd4 {[%emt 0:08:30]} 15. Nd5 {[%emt 0:14:05]} Nxd5 {[%emt 0:04:51]} 16. Bxd5+ {[%emt 0:06:09]} Kh8 {[%emt 0:00:06]} 17. Nxd4 {[%emt 0:02:00]} exd4 {[%emt 0:00:04]} 18. Bb2 {[%emt 0:00:31]} Be5 {[%emt 0:06:00]} 19. e3 {[%emt 0:08:07]} Qf6 {[%emt 0:10:56]} 20. exd4 {[%emt 0:06:53]} Bxd4 {[%emt 0:00:15]} 21. Bxd4 {[%emt 0:00:16]} Qxd4 {[%emt 0:00:03]} 22. Qh5 {[%emt 0:00:16]} Qg7 {[%emt 0:02:16]} 23. Rbe1 {[%emt 0:00:49]} Bf5 {[%emt 0:07:03]} 24. Bxb7 {[%emt 0:01:21]} Bg6 {[%emt 0:05:10]} 25. Qd1 {[%emt 0:00:56]} Rae8 {[%emt 0:01:47]} 26. Rxe8 {[%emt 0:01:40]} Rxe8 {[%emt 0:00:27]} 27. Bc6 {[%emt 0:01:59]} Rf8 {[%emt 0:04:56]} 28. d4 {[%emt 0:00:27]} Qf6 {[%emt 0:00:45]} 29. c5 {[%emt 0:00:59]} h5 {[%emt 0:04:05]} 30. cxd6 {[%emt 0:03:37]} Qxd6 {[%emt 0:01:09]} 31. Qe2 {[%emt 0:04:13]} Qxd4 {[%emt 0:08:40]} 32. Qe7 {[%emt 0:00:25]} Qd8 {[%emt 0:00:09]} 33. Re1 {[%emt 0:00:26]} Qxe7 {[%emt 0:02:30]} 34. Rxe7 {[%emt 0:00:12]} fxg3 {[%emt 0:01:27]} 35. hxg3 {[%emt 0:00:55]} Rf7 {[%emt 0:00:10]} 36. Re5 {[%emt 0:00:55]} Rf5 {[%emt 0:00:38]} 37. Re7 {[%emt 0:00:25]} Rf7 {[%emt 0:00:05]} 38. Re5 {[%emt 0:00:16]} Rf5 {[%emt 0:00:03]} 39. Re3 {[%emt 0:00:56]} Kg7 {[%emt 0:01:33]} 40. Rc3 {[%emt 0:00:43]} Rf7 {[%emt 0:31:43]} 41. Be8 {[%emt 0:30:42]} Re7 {[%emt 0:00:11]} 42. Bxg6 {[%emt 0:00:28]} Kxg6 {[%emt 0:00:03]} 43. Rc5 {[%emt 0:00:00]} Kf6 {[%emt 0:00:00]} 44. Rc6+ {[%emt 0:00:00]} Kf5 {[%emt 0:00:00]} 45. Kg2 {[%emt 0:00:00]} Re5 {[%emt 0:00:00]} 1/2-1/2

[Event "Top 12 FRA-chT 2017"]
[Site "Chartres"]
[Date "2017.05.21"]
[Round "4"]
[White "Godard, Maxence"]
[Black "Hamitevici, Vladimir"]
[Result "0-1"]
[WhiteElo "2329"]
[BlackElo "2487"]
[Annotator "TA"]
[PlyCount "68"]
[EventDate "2017.??.??"]
[EventType "team-tourn"]
[EventCountry "FRA"]
[SourceTitle "playchess.com"]
[Source "ChessBase"]
[SourceQuality "1"]
[WhiteTeam "Lisieux"]
[BlackTeam "Vandoeuvre"]

{[%evp 15,68,0,0,0,0,0,14,2,8,-8,7,0,0,-10,0,0,0,0,9,0,0,0,12,-29,22,-76,-87,-110,-109,-159,-121,-130,-141,-302,-325,-631,-627,-647,-587,-583,-570,-580,-578,-579,-564,-572,-571,-957,-910,-941,-893,-993,-984,-29977,-29978]} 1. d4 d6 2. Nf3 f5 3. g3 Nf6 4. Bg2 g6 5. c3 Bg7 6. Qb3 Nc6 {A81: Dutch Defence: 2 g3} (6... e6 7. Nbd2 O-O 8. O-O Kh8 9. Re1 Ne4 10. Nxe4 fxe4 11. Ng5 d5 12. f3 h6 13. Nh3 e5 14. dxe5 {1-0 (36) Aronian,L (2797)-Ivanchuk,V (2704) Beijing 2014}) 7. Ng5 d5 8. Nf3 O-O $146 {LiveBook: 3 Games. The position is equal.} ({Predecessor:} 8... h6 9. Bf4 e6 10. Ne5 Ne7 11. h4 O-O 12. Nd2 b6 13. c4 c5 14. cxd5 exd5 {0-1 (53) Pakhomov,A (2356)-Chernobay,A (2511) Sochi 2015}) 9. Bf4 e6 10. Nbd2 a5 11. a4 b6 12. Qc2 Ba6 13. Ne5 Nxe5 14. Bxe5 Bh6 15. Nf3 Ne4 16. h4 c5 17. Bf4 Bg7 18. e3 h6 19. Bf1 c4 (19... Bxf1 $142 20. Kxf1 g5 21. hxg5 hxg5) 20. Bh3 (20. Ne5 $11) 20... g5 $17 21. hxg5 hxg5 22. O-O-O gxf4 23. gxf4 Kf7 24. Rdg1 $2 {[#]} (24. Ne5+ $17 {only move.} Bxe5 25. fxe5) 24... Rh8 $19 25. Rxg7+ $2 (25. Ng5+ Nxg5 26. fxg5) 25... Kxg7 26. Ne5 {White hopes to continue with f3.} Kf6 27. f3 Ng3 28. Qg2 Qg8 29. Re1 Ra7 30. Bg4 Qh7 31. Bxf5 exf5 {[%cal Be6f5,Bf5g4][%mdl 32]} 32. Qxg3 Rg7 33. Ng4+ fxg4 34. f5 Qh2 {Precision: White = 21%, Black = 50%.} 0-1

[Event "Top 12 FRA-chT 2017"]
[Site "Chartres"]
[Date "2017.05.21"]
[Round "4"]
[White "Guichard, Pauline"]
[Black "Maisuradze, Nino"]
[Result "1/2-1/2"]
[WhiteElo "2312"]
[BlackElo "2260"]
[Annotator "NA"]
[PlyCount "189"]
[EventDate "2017.??.??"]
[EventType "team-tourn"]
[EventCountry "FRA"]
[SourceTitle "playchess.com"]
[Source "ChessBase"]
[SourceQuality "1"]
[WhiteTeam "Clichy"]
[BlackTeam "Bischwiller"]
[TimeControl "40/5400+30:1800+30"]

1. Nf3 {[%emt 0:00:00]} d5 {[%emt 0:00:56]} 2. g3 {[%emt 0:00:00]} Nf6 {[%emt 0:00:30]} 3. Bg2 {[%emt 0:00:00]} e6 {[%emt 0:02:26]} 4. O-O {[%emt 0:00:56]} Nbd7 {[%emt 0:01:12]} 5. d3 {[%emt 0:01:44]} Be7 {[%emt 0:02:41]} 6. Re1 {[%emt 0:00:35]} O-O {[%emt 0:01:30]} 7. e4 {[%emt 0:05:44]} dxe4 {[%emt 0:05:25]} 8. dxe4 {[%emt 0:00:18]} e5 {[%emt 0:00:07]} 9. Nbd2 {[%emt 0:02:07]} c6 {[%emt 0:00:34]} 10. Nc4 {[%emt 0:04:36]} Qc7 {[%emt 0:02:04]} 11. a4 {[%emt 0:00:59]} Re8 {[%emt 0:04:41]} 12. Bd2 {[%emt 0:03:37]} b6 {[%emt 0:04:35]} 13. Bc3 {[%emt 0:05:57]} Bf8 {[%emt 0:02:39]} 14. Bf1 {[%emt 0:01:57]} b5 {[%emt 0:11:49]} 15. Ba5 {[%emt 0:13:10]} Qb8 {[%emt 0:00:42]} 16. axb5 {[%emt 0:04:10]} cxb5 {[%emt 0:00:06]} 17. Ne3 {[%emt 0:02:31]} Nc5 {[%emt 0:25:40]} 18. Nd5 {[%emt 0:06:51]} Nxd5 {[%emt 0:01:10]} 19. exd5 {[%emt 0:00:11]} Bg4 {[%emt 0:03:25]} 20. Be2 {[%emt 0:03:51]} Bd6 {[%emt 0:07:08]} 21. Ng5 {[%emt 0:06:08]} Bf5 {[%emt 0:02:53]} 22. Bh5 {[%emt 0:05:22]} g6 {[%emt 0:04:09]} 23. Bg4 {[%emt 0:04:35]} Qc8 {[%emt 0:00:14]} 24. Qf3 {[%emt 0:02:36]} e4 {[%emt 0:06:53]} 25. Bxf5 {[%emt 0:12:19]} Qxf5 {[%emt 0:00:02]} 26. Qxf5 {[%emt 0:01:01]} gxf5 {[%emt 0:00:01]} 27. Nh3 {[%emt 0:00:20]} Be5 {[%emt 0:01:25]} 28. Ra2 {[%emt 0:00:42]} Na4 {[%emt 0:01:26]} 29. c3 {[%emt 0:03:55]} Nc5 {[%emt 0:00:33]} 30. Rd1 {[%emt 0:00:08]} Nd3 {[%emt 0:01:52]} 31. Kf1 {[%emt 0:02:01]} Bd6 {[%emt 0:01:56]} 32. f4 {[%emt 0:01:44]} Bc5 {[%emt 0:00:38]} 33. Ke2 {[%emt 0:02:23]} Rac8 {[%emt 0:01:06]} 34. b4 {[%emt 0:03:03]} Bd6 {[%emt 0:03:03]} 35. Kd2 {[%emt 0:00:39]} Rc4 {[%emt 0:01:22]} 36. Rb1 {[%emt 0:00:53]} Rec8 {[%emt 0:00:53]} 37. Rc2 {[%emt 0:00:16]} Be7 {[%emt 0:00:30]} 38. Ng1 {[%emt 0:00:19]} Bf6 {[%emt 0:00:38]} 39. Ne2 {[%emt 0:00:05]} h5 {[%emt 0:00:14]} 40. d6 {[%emt 0:01:16]} Bd8 {[%emt 0:30:49]} 41. d7 {[%emt 0:04:30]} Rb8 {[%emt 0:00:00]} 42. Ra1 {[%emt 0:11:31]} Bxa5 {[%emt 0:00:00]} 43. Rxa5 {[%emt 0:00:25]} Rc7 {[%emt 0:01:15]} 44. Rxb5 {[%emt 0:01:01]} Rd8 {[%emt 0:00:00]} 45. Ke3 {[%emt 0:08:29]} Rcxd7 {[%emt 0:01:13]} 46. Nd4 {[%emt 0:00:40]} a6 {[%emt 0:00:23]} 47. Rb6 {[%emt 0:04:19]} Rd5 {[%emt 0:00:15]} 48. Nc6 {[%emt 0:01:06]} R8d7 {[%emt 0:00:29]} 49. c4 {[%emt 0:00:38]} Ne1 {[%emt 0:00:51]} 50. cxd5 {[%emt 0:00:38]} Nxc2+ {[%emt 0:00:03]} 51. Kd2 {[%emt 0:01:03]} Na3 {[%emt 0:00:08]} 52. Rxa6 {[%emt 0:00:15]} Rxd5+ {[%emt 0:00:15]} 53. Ke2 {[%emt 0:00:40]} Rd3 {[%emt 0:00:08]} 54. Ne7+ {[%emt 0:00:17]} Kh7 {[%emt 0:00:58]} 55. Nxf5 {[%emt 0:00:04]} Nb5 {[%emt 0:00:43]} 56. Rh6+ {[%emt 0:02:48]} Kg8 {[%emt 0:00:02]} 57. Rxh5 {[%emt 0:00:24]} Nc3+ {[%emt 0:00:02]} 58. Ke1 {[%emt 0:00:24]} e3 {[%emt 0:02:06]} 59. Nxe3 {[%emt 0:00:43]} Rxe3+ {[%emt 0:00:01]} 60. Kd2 {[%emt 0:00:04]} Rf3 {[%emt 0:00:03]} 61. b5 {[%emt 0:00:34]} Na4 {[%emt 0:00:44]} 62. Rg5+ {[%emt 0:00:44]} Kh7 {[%emt 0:00:37]} 63. Rf5 {[%emt 0:00:39]} Kg7 {[%emt 0:00:53]} 64. Rg5+ {[%emt 0:00:06]} Kh7 {[%emt 0:00:39]} 65. h4 {[%emt 0:00:51]} Rb3 66. Kc2 {[%emt 0:00:01]} Rc3+ {[%emt 0:00:47]} 67. Kd2 Rb3 68. g4 {[%emt 0:00:41]} Nb6 {[%emt 0:01:14]} 69. Kc2 {[%emt 0:00:37]} Rb4 {[%emt 0:00:05]} 70. Rf5 {[%emt 0:00:10]} Kg7 {[%emt 0:00:28]} 71. h5 {[%emt 0:00:24]} Nc8 {[%emt 0:00:52]} 72. Kc3 {[%emt 0:00:11]} Rb1 {[%emt 0:00:07]} 73. Rd5 {[%emt 0:00:50]} Na7 {[%emt 0:01:10]} 74. Kc4 {[%emt 0:00:14]} Rc1+ {[%emt 0:00:26]} 75. Kb4 {[%emt 0:00:24]} Nc8 {[%emt 0:00:25]} 76. g5 {[%emt 0:00:50]} Rf1 {[%emt 0:00:37]} 77. f5 {[%emt 0:00:43]} Rb1+ {[%emt 0:00:23]} 78. Kc3 {[%emt 0:00:45]} Nb6 {[%emt 0:00:31]} 79. f6+ {[%emt 0:00:27]} Kh7 {[%emt 0:00:21]} 80. Rf5 {[%emt 0:00:42]} Kg8 {[%emt 0:00:40]} 81. Kd4 {[%emt 0:00:26]} Nd7 {[%emt 0:00:16]} 82. Rd5 {[%emt 0:00:47]} Rd1+ {[%emt 0:00:11]} 83. Ke4 {[%emt 0:00:04]} Re1+ {[%emt 0:00:20]} 84. Kf3 {[%emt 0:00:34]} Nf8 {[%emt 0:01:10]} 85. Rd8 {[%emt 0:01:08]} Kh7 {[%emt 0:00:33]} 86. Rc8 {[%emt 0:00:38]} Ne6 {[%emt 0:00:20]} 87. b6 {[%emt 0:00:30]} Rb1 {[%emt 0:00:14]} 88. g6+ {[%emt 0:00:30]} fxg6 {[%emt 0:00:06]} 89. f7 {[%emt 0:00:26]} Rf1+ {[%emt 0:01:23]} 90. Ke3 {[%emt 0:00:25]} Rxf7 {[%emt 0:00:19]} 91. Rc6 {[%emt 0:00:07]} Re7 {[%emt 0:00:23]} 92. hxg6+ {[%emt 0:00:27]} Kg7 {[%emt 0:00:49]} 93. Kd3 {[%emt 0:00:25]} Kxg6 {[%emt 0:00:25]} 94. b7 {[%emt 0:00:07]} Rxb7 {[%emt 0:00:05]} 95. Rxe6+ {[%emt 0:00:07]} 1/2-1/2

[Event "Top 12 FRA-chT 2017"]
[Site "Chartres"]
[Date "2017.05.21"]
[Round "4"]
[White "Touzane, Olivier"]
[Black "Libiszewski, Fabien"]
[Result "1/2-1/2"]
[WhiteElo "2277"]
[BlackElo "2544"]
[Annotator "TA"]
[PlyCount "56"]
[EventDate "2017.??.??"]
[EventType "team-tourn"]
[EventCountry "FRA"]
[SourceTitle "playchess.com"]
[Source "ChessBase"]
[SourceQuality "1"]
[WhiteTeam "Montpellier"]
[BlackTeam "Grasse Echecs"]

{[%evp 14,56,0,1,0,-15,20,-10,-8,-15,-3,8,0,-10,-16,1,15,-75,-72,-86,-72,-135,-129,-123,-117,-117,-68,-72,-73,-79,-79,-108,-109,-138,-125,-214,-210,-262,-249,-214,-104,-104,-81,-64,-21]} 1. d4 Nf6 2. Bg5 d5 3. e3 e6 4. Nd2 Be7 5. Bd3 b6 6. c3 Bb7 7. Ngf3 Nbd7 8. O-O h6 {D03: 1 d4 d5 2 Nf3 Nf6 3 Bg5, including Torre Attack with early ...d5} 9. Bf4 Ne4 (9... g5 $5 {[%cal Rg5f4]} 10. Bg3 Ne4 $11) 10. Ne5 Nxe5 $146 {The position is equal.} ({Predecessor:} 10... Nxd2 11. Qxd2 Nxe5 12. Bxe5 Bf6 13. f4 Qe7 14. Qe2 a6 15. Qh5 c5 16. Rae1 {1-0 (55) Cserey,G (2350)-Dudas,J (2035) Hungary 1995}) 11. Bxe5 (11. Bxe4 $5 Nd7 12. Bc2 $11) 11... f6 {[#] And now ...Nxd2 would win.} 12. Bxe4 dxe4 13. Qh5+ Kd7 14. Bg3 g5 15. f4 (15. Rfd1 $11 {remains equal.}) 15... exf3 $1 $17 16. gxf3 Qe8 $36 {[%mdl 2048] Black is in control.} 17. Qh3 ({Better is} 17. Qxe8+ Raxe8 18. e4) 17... h5 {[%cal Bh6h5,Bh5g4][%mdl 32]} 18. e4 Qg8 19. Rad1 g4 20. fxg4 hxg4 21. Qg2 Rd8 22. Qe2 {[#]} Kc8 $1 23. Rf4 e5 24. dxe5 (24. Rxg4 $17 {was called for.} Qxa2 25. Nf3) 24... fxe5 25. Qxg4+ Qxg4 26. Rxg4 Rd3 (26... Ba6 $19 {and Black stays clearly on top.} 27. Kf2 Bc5+ 28. Ke1 Rd3) 27. Bxe5 Rhd8 28. Bf4 Bxe4 {Precision: White = 36%, Black = 67%.} 1/2-1/2